[Event "CCT Chessable Masters Play-In 2025"]
[Site "Online"]
[Date "2025.02.17"]
[Round "6.66"]
[White "Pantsulaia, Levan"]
[Black "Van Wely, Loek"]
[Result "0-1"]
[WhiteElo "2522"]
[BlackElo "2454"]
[PlyCount "98"]
[EventDate "2025.02.13"]
[EventType "swiss"]
[EventCountry "NET"]

1. Nf3 d5 2. c4 c6 3. g3 Bg4 4. Ne5 Be6 5. d4 Nd7 6. cxd5 Bxd5 7. f3 Nxe5 8. dxe5 g6 9. Bd2 Be6 10. e4 h5 11. Bc3 Qb6 12. Qd4 h4 13. g4 Bh6 14. a4 Qc7 15. Na3 Bf4 16. Bc4 Nh6 17. O-O O-O 18. Bxe6 fxe6 19. Qc4 Qc8 20. Nc2 Nf7 21. Nd4 Ng5 22. Ne2 Qc7 23. Kh1 Rad8 24. Qc5 Rd3 25. Qxa7 Be3 26. Qa5 Qxa5 27. Bxa5 Rxf3 28. Rxf3 Nxf3 29. Bc3 Bd2 30. Rd1 Re3 31. Nd4 Nxd4 32. Bxd4 Re2 33. h3 Bf4 34. b4 Rh2+ 35. Kg1 Rxh3 36. Bc5 Rg3+ 37. Kf2 h3 38. Bxe7 Bxe5 39. g5 Kf7 40. Bd8 Ra3 41. a5 Ra2+ 42. Kf3 h2 43. Bb6 Rb2 44. Bc5 Ke8 45. Rh1 Rb3+ 46. Kg4 Rg3+ 47. Kh4 Rf3 48. Kg4 Rf4+ 49. Kh3 Rxe4 0-1

[Event "CCT Chessable Masters Play-In 2025"]
[Site "Online"]
[Date "2025.02.17"]
[Round "6.67"]
[White "Vetokhin, Savva"]
[Black "Nigmatov, Ortik"]
[Result "1/2-1/2"]
[WhiteElo "2533"]
[BlackElo "2505"]
[PlyCount "102"]
[EventDate "2025.02.13"]
[EventType "swiss"]
[EventCountry "NET"]

1. d4 Nf6 2. c4 e6 3. Nc3 d5 4. cxd5 exd5 5. Bg5 c6 6. e3 Bf5 7. Qf3 Bg6 8. Bxf6 Qxf6 9. Qxf6 gxf6 10. Nf3 Nd7 11. Nh4 Bb4 12. a3 Bxc3+ 13. bxc3 b5 14. Kd2 a5 15. f4 Be4 16. Bd3 Nb6 17. Rhg1 Nc4+ 18. Ke2 a4 19. g4 Rg8 20. Bxe4 dxe4 21. Nf5 Kd7 22. h4 Ke6 23. Nh6 Rg7 24. Nf5 Rgg8 25. Nh6 Rg7 26. Rg3 Nd6 27. Nf5 Rgg8 28. Nxd6 Kxd6 29. g5 f5 30. h5 Kd5 31. Rb1 Rab8 32. Rgg1 Rg7 33. Rgc1 Rgg8 34. Rb4 h6 35. c4+ bxc4 36. Rbxc4 hxg5 37. Rc5+ Kd6 38. Rxc6+ Kd7 39. Rc7+ Kd8 40. h6 gxf4 41. h7 Rg2+ 42. Kf1 Rh2 43. Rxf7 Rbb2 44. Rf8+ Ke7 45. h8=Q Rbf2+ 46. Kg1 Rfg2+ 47. Kf1 Rf2+ 48. Ke1 Re2+ 49. Kd1 Rd2+ 50. Ke1 Rde2+ 51. Kf1 Ref2+ 1/2-1/2

[Event "CCT Chessable Masters Play-In 2025"]
[Site "Online"]
[Date "2025.02.17"]
[Round "6.68"]
[White "Cuenca Jimenez, Jose Fernando"]
[Black "Quintiliano, Renato R."]
[Result "1-0"]
[WhiteElo "2479"]
[BlackElo "2515"]
[PlyCount "57"]
[EventDate "2025.02.13"]
[EventType "swiss"]
[EventCountry "NET"]

1. d4 Nf6 2. Bf4 g6 3. Nc3 d5 4. e3 Bg7 5. h4 h5 6. Nb5 Na6 7. Nc3 c6 8. Bxa6 bxa6 9. Be5 O-O 10. Qd2 Nd7 11. Bxg7 Kxg7 12. Nf3 Rb8 13. O-O-O Qc7 14. Kb1 a5 15. Ka1 Kg8 16. e4 dxe4 17. Nxe4 Nf6 18. Neg5 Qb6 19. c3 a4 20. Ne5 c5 21. d5 Bb7 22. c4 Rbd8 23. Qc2 a3 24. b3 Nd7 25. f4 Qf6 26. Rhe1 Qxf4 27. Nxg6 Qf6+ 28. Ne5 Nxe5 29. Qh7# 1-0

[Event "CCT Chessable Masters Play-In 2025"]
[Site "Online"]
[Date "2025.02.17"]
[Round "6.70"]
[White "Yang, Kaiqi"]
[Black "Dai, Changren"]
[Result "0-1"]
[WhiteElo "2481"]
[BlackElo "2527"]
[PlyCount "74"]
[EventDate "2025.02.13"]
[EventType "swiss"]
[EventCountry "NET"]

1. e4 e5 2. Nf3 Nc6 3. Bc4 Bc5 4. d3 Nf6 5. O-O d6 6. c3 O-O 7. Re1 a5 8. Bb3 Be6 9. Nbd2 Bxb3 10. axb3 Ba7 11. h3 Ne7 12. Nf1 Ng6 13. Ng3 d5 14. Bg5 dxe4 15. Nxe4 Re8 16. Qc2 Re6 17. Nh2 Qf8 18. Bxf6 gxf6 19. Ng3 Qh6 20. Ra4 Nf4 21. Ng4 Qg6 22. Ne3 Qxd3 23. Qc1 Bxe3 24. fxe3 b5 25. Ra1 Kh8 26. exf4 Qxg3 27. f5 Rd6 28. Qe3 Qxe3+ 29. Rxe3 Rd2 30. Ra2 Rg8 31. g4 Rgd8 32. Rxa5 Rxb2 33. Re1 Rxb3 34. Kg2 Rd2+ 35. Kg3 Rxc3+ 36. Kh4 Rh2 37. g5 Rhxh3+ 0-1

[Event "CCT Chessable Masters Play-In 2025"]
[Site "Online"]
[Date "2025.02.17"]
[Round "7.1"]
[White "Lazavik, Denis"]
[Black "Duda, Jan-Krzysztof"]
[Result "1/2-1/2"]
[WhiteElo "2572"]
[BlackElo "2739"]
[PlyCount "64"]
[EventDate "2025.02.13"]
[EventType "swiss"]
[EventCountry "NET"]

1. d4 Nf6 2. c4 g6 3. Nc3 d5 4. Nf3 Bg7 5. Bg5 Ne4 6. Bf4 Nxc3 7. bxc3 c5 8. e3 Nc6 9. cxd5 Qxd5 10. Be2 Bf5 11. O-O O-O 12. c4 Qd8 13. d5 Na5 14. Be5 Bxe5 15. Nxe5 Qd6 16. Nf3 e5 17. Nd2 h5 18. Nb3 Nxb3 19. Qxb3 Rab8 20. a4 a5 21. Ra2 Rfd8 22. Rb2 b6 23. Qc3 Qe7 24. Bd3 e4 25. Bc2 Rd6 26. f4 f6 27. Rfb1 Bd7 28. Bd1 Kf7 29. Bc2 Kg7 30. Bd1 Kf7 31. Bc2 Kg7 32. Bd1 Kf7 1/2-1/2

[Event "CCT Chessable Masters Play-In 2025"]
[Site "Online"]
[Date "2025.02.17"]
[Round "7.2"]
[White "Vachier-Lagrave, Maxime"]
[Black "Sadhwani, Raunak"]
[Result "1/2-1/2"]
[WhiteElo "2729"]
[BlackElo "2666"]
[PlyCount "110"]
[EventDate "2025.02.13"]
[EventType "swiss"]
[EventCountry "NET"]

1. e4 e5 2. Nf3 Nc6 3. Bb5 Nf6 4. Nc3 Nd4 5. O-O Nxb5 6. Nxb5 c6 7. Nc3 d6 8. d4 Qc7 9. a4 Be7 10. a5 O-O 11. Bg5 Bg4 12. Bxf6 Bxf6 13. d5 a6 14. Qd3 Rac8 15. h3 Bd7 16. dxc6 Bxc6 17. Rfd1 Be7 18. Rd2 g6 19. Nd5 Bxd5 20. Qxd5 Qc6 21. c3 Qxd5 22. Rxd5 f5 23. Ra4 Kf7 24. exf5 gxf5 25. c4 Ke6 26. b3 Rc5 27. Rb4 Rxd5 28. cxd5+ Kxd5 29. Rxb7 Bf6 30. b4 e4 31. Nd2 Rc8 32. b5 axb5 33. Rxb5+ Rc5 34. Rxc5+ dxc5 35. a6 Kc6 36. Nc4 Bd8 37. Nd6 Kb6 38. Nxf5 Kxa6 39. Nd6 Be7 40. Nxe4 Kb5 41. Kf1 Kc4 42. Ke2 Kd4 43. Ng3 Bf8 44. Nf5+ Ke4 45. Ne3 Kd4 46. g4 c4 47. h4 c3 48. f3 Ke5 49. Ng2 Kd4 50. Ne1 Be7 51. h5 Bg5 52. Nc2+ Kc4 53. Ne1 Kd4 54. Nc2+ Kc4 55. Ne1 Kd4 1/2-1/2

[Event "CCT Chessable Masters Play-In 2025"]
[Site "Online"]
[Date "2025.02.17"]
[Round "7.4"]
[White "Yu, Yangyi"]
[Black "Vokhidov, Shamsiddin"]
[Result "1/2-1/2"]
[WhiteElo "2715"]
[BlackElo "2670"]
[PlyCount "43"]
[EventDate "2025.02.13"]
[EventType "swiss"]
[EventCountry "NET"]

1. d4 Nf6 2. c4 e6 3. Nc3 Bb4 4. e3 O-O 5. Bd3 d5 6. Nf3 dxc4 7. Bxc4 c5 8. O-O cxd4 9. exd4 b6 10. Qe2 Bb7 11. Rd1 h6 12. Bf4 Nc6 13. a3 Bxc3 14. bxc3 Nd5 15. Bd2 Qc7 16. Rac1 Qd6 17. a4 Rac8 18. Bb5 Nf4 19. Qe3 Nd5 20. Qe2 Nf4 21. Qe3 Nd5 22. Qe2 1/2-1/2

[Event "CCT Chessable Masters Play-In 2025"]
[Site "Online"]
[Date "2025.02.17"]
[Round "7.5"]
[White "Artemiev, Vladislav"]
[Black "Mamedov, Rauf"]
[Result "1/2-1/2"]
[WhiteElo "2691"]
[BlackElo "2656"]
[PlyCount "170"]
[EventDate "2025.02.13"]
[EventType "swiss"]
[EventCountry "NET"]

1. c4 e6 2. g3 d5 3. Bg2 Nf6 4. Nf3 Be7 5. d4 O-O 6. b3 c5 7. cxd5 exd5 8. O-O Ne4 9. Bb2 Bf6 10. Qc1 cxd4 11. Nxd4 Re8 12. e3 Nc6 13. Nxc6 bxc6 14. Nd2 Ba6 15. Bxf6 Nxf6 16. Re1 Qb6 17. Qc2 c5 18. e4 dxe4 19. Nxe4 Rac8 20. Bh3 Rcd8 21. Nxc5 Bb5 22. Bg2 Qa5 23. Rxe8+ Rxe8 24. Ne4 Nxe4 25. Bxe4 g6 26. h4 Qb4 27. Bf3 Qd4 28. Rd1 Qf6 29. Kg2 Re6 30. Qd2 Re8 31. Qg5 Qb6 32. Qd5 Be2 33. Bxe2 Rxe2 34. Qd8+ Kg7 35. Qxb6 axb6 36. a4 Rb2 37. Rd3 h5 38. Kf3 Kf8 39. Ke3 Ke7 40. f3 Rg2 41. Kf4 Rb2 42. Rc3 Rb1 43. Kg5 Rb2 44. Rc7+ Ke8 45. Rc3 Ke7 46. Re3+ Kf8 47. Kf6 Rc2 48. Ke5 Ke7 49. Kd5+ Kd7 50. Rd3 Rc5+ 51. Ke4+ Ke6 52. Rd4 b5 53. Kd3 bxa4 54. bxa4 Rc1 55. Re4+ Kd5 56. Ke3 Ra1 57. Kf4 f6 58. Rb4 Kc5 59. Rb5+ Kc6 60. Ra5 Kb6 61. Ra8 Kb7 62. Rg8 Rxa4+ 63. Ke3 Ra3+ 64. Kf2 Ra2+ 65. Kg1 Ra1+ 66. Kg2 Ra2+ 67. Kf1 Ra1+ 68. Ke2 Ra2+ 69. Kd3 Ra3+ 70. Ke4 Ra4+ 71. Kd5 Ra3 72. Rg7+ Kc8 73. Rxg6 Rxf3 74. Ke4 Rf1 75. Rh6 Kd7 76. Rxh5 Ke6 77. g4 Kf7 78. Rf5 Re1+ 79. Kf3 Kg7 80. h5 Ra1 81. Kg3 Rg1+ 82. Kf3 Rf1+ 83. Kg3 Rg1+ 84. Kf3 Rf1+ 85. Kg3 Rg1+ 1/2-1/2

[Event "CCT Chessable Masters Play-In 2025"]
[Site "Online"]
[Date "2025.02.17"]
[Round "7.6"]
[White "Nihal Sarin"]
[Black "Dubov, Daniil"]
[Result "1-0"]
[WhiteElo "2687"]
[BlackElo "2701"]
[PlyCount "111"]
[EventDate "2025.02.13"]
[EventType "swiss"]
[EventCountry "NET"]

1. d4 Nf6 2. Nf3 b6 3. Bg5 Bb7 4. Nbd2 e6 5. e3 h6 6. Bh4 c5 7. c3 Nc6 8. Bd3 Be7 9. O-O g5 10. Bg3 g4 11. Ne5 h5 12. Bh4 Qc7 13. Nxc6 Bxc6 14. Re1 Rg8 15. a4 Qb7 16. e4 d5 17. e5 Nd7 18. Bxe7 Kxe7 19. b4 Qc7 20. Rc1 c4 21. Bc2 Raf8 22. Qe2 Kd8 23. Nf1 f5 24. exf6 Rxf6 25. b5 Bb7 26. Qe3 h4 27. Nd2 a5 28. Re2 Bc8 29. Rce1 Qd6 30. h3 Qf8 31. hxg4 Rxg4 32. Qh3 Qg8 33. Nf3 Kc7 34. Kf1 Nf8 35. Re5 Rh6 36. g3 Rf6 37. gxh4 Rgf4 38. R1e3 Qf7 39. Qg3 Kb7 40. Bd1 Nh7 41. Ke1 Bd7 42. Ng5 Qg8 43. Nh3 Qxg3 44. fxg3 Rf1+ 45. Kd2 Rg6 46. Bc2 Rg7 47. Bxh7 Rxh7 48. Re1 Rf8 49. Ng5 Rg7 50. R1e3 Rf1 51. Nxe6 Bxe6 52. Rxe6 Rf2+ 53. Ke1 Ra2 54. h5 Rxa4 55. h6 Rh7 56. Re7+ 1-0

[Event "CCT Chessable Masters Play-In 2025"]
[Site "Online"]
[Date "2025.02.17"]
[Round "7.7"]
[White "Giri, Anish"]
[Black "Theodorou, Nikolas"]
[Result "1/2-1/2"]
[WhiteElo "2728"]
[BlackElo "2611"]
[PlyCount "165"]
[EventDate "2025.02.13"]
[EventType "swiss"]
[EventCountry "NET"]

1. c4 e5 2. g3 Nc6 3. Bg2 g6 4. Nc3 Bg7 5. d3 Nf6 6. Nf3 O-O 7. O-O d6 8. Rb1 a5 9. a3 Nd4 10. b4 axb4 11. axb4 Nxf3+ 12. Bxf3 c6 13. b5 d5 14. bxc6 bxc6 15. cxd5 cxd5 16. Bg5 Ra5 17. Qd2 Be6 18. Rfc1 Qd7 19. Rb6 Rc8 20. Rcb1 Rac5 21. Rb8 h6 22. Bxf6 Bxf6 23. e4 Bg5 24. Qb2 d4 25. Nd5 Kg7 26. Rxc8 Qxc8 27. Bd1 Bxd5 28. exd5 Rxd5 29. h4 Bf6 30. Rc1 Rc5 31. Rxc5 Qxc5 32. Kg2 h5 33. Qb7 Qe7 34. Qd5 Qd8 35. Qb7 Qe7 36. Qd5 Qe6 37. Qxe6 fxe6 38. Kf3 Be7 39. Bb3 Kf6 40. Ba4 Bb4 41. Bc6 Be1 42. Be4 Bd2 43. Ke2 Ba5 44. Kf1 Bc7 45. Ke2 Bd6 46. Kf1 Be7 47. Ke2 Bf8 48. Kf1 Bg7 49. Ke2 Bh8 50. Kf1 Bg7 51. Ke2 Bf8 52. Kf1 Ba3 53. Ke2 Bb2 54. Kf1 Bc3 55. Ke2 g5 56. hxg5+ Kxg5 57. Kf3 Ba5 58. Ke2 Bd8 59. Kf3 Be7 60. Ke2 Bb4 61. Kf3 Bc3 62. Ke2 Ba5 63. Kf3 Bc7 64. Ke2 Bd6 65. Kf3 Be7 66. Ke2 Bf8 67. Kf3 Bg7 68. Ke2 Bf6 69. Kf3 Bd8 70. Ke2 Ba5 71. Kf3 Bb4 72. Kg2 Ba3 73. Kf3 Bb2 74. Kg2 Bc1 75. Kf3 Bd2 76. Kg2 h4 77. Kh3 hxg3 78. fxg3 Be3 79. Kg2 Bd2 80. Kf3 Be3 81. Kg2 Bd2 82. Kf3 Be3 83. Kg2 1/2-1/2

[Event "CCT Chessable Masters Play-In 2025"]
[Site "Online"]
[Date "2025.02.17"]
[Round "7.8"]
[White "Martirosyan, Haik M."]
[Black "Tabatabaei, M. Amin"]
[Result "0-1"]
[WhiteElo "2645"]
[BlackElo "2666"]
[PlyCount "136"]
[EventDate "2025.02.13"]
[EventType "swiss"]
[EventCountry "NET"]

1. d4 d5 2. c4 c6 3. Nf3 Nf6 4. Nc3 dxc4 5. a4 Bf5 6. Ne5 Nbd7 7. Nxc4 Nb6 8. Ne5 a5 9. f3 Nfd7 10. Nxd7 Nxd7 11. e4 Bg6 12. Be2 Qb6 13. d5 e6 14. dxe6 fxe6 15. Qc2 O-O-O 16. Bd2 Nc5 17. Bg5 Rd7 18. Rd1 Rxd1+ 19. Qxd1 h6 20. Bh4 Nd7 21. Qc2 Bc5 22. Bc4 e5 23. Bf2 Rd8 24. O-O Bxf2+ 25. Qxf2 Qxf2+ 26. Kxf2 Nc5 27. Ke3 Kc7 28. g3 Rd4 29. b3 Bf7 30. Bxf7 Rd3+ 31. Ke2 Rxc3 32. Kd2 Rd3+ 33. Kc2 Rd4 34. h4 b5 35. axb5 cxb5 36. h5 Kb6 37. Bd5 b4 38. Rd1 Rxd1 39. Kxd1 a4 40. bxa4 Nxa4 41. Bb3 Nc5 42. Bc4 Kc7 43. Kc2 Kd6 44. Bd5 Ke7 45. f4 Kf6 46. Kd2 b3 47. Kc3 b2 48. Kxb2 exf4 49. gxf4 Nd3+ 50. Kc3 Nxf4 51. Kd4 Nxh5 52. e5+ Kg5 53. Bf7 Nf4 54. Ke4 Ng6 55. Kd5 Ne7+ 56. Kd6 Nf5+ 57. Kd7 g6 58. Bd5 h5 59. Be4 h4 60. e6 Ng7 61. Ke7 h3 62. Bh1 Nxe6 63. Kxe6 Kf4 64. Kd5 g5 65. Kd4 g4 66. Kd3 Kg3 67. Ke3 Kh2 68. Kf4 Kxh1 0-1

[Event "CCT Chessable Masters Play-In 2025"]
[Site "Online"]
[Date "2025.02.17"]
[Round "7.9"]
[White "Fressinet, Laurent"]
[Black "Lu, Shanglei"]
[Result "0-1"]
[WhiteElo "2588"]
[BlackElo "2618"]
[PlyCount "124"]
[EventDate "2025.02.13"]
[EventType "swiss"]
[EventCountry "NET"]

1. Nf3 Nf6 2. c4 e6 3. Nc3 d5 4. e3 b6 5. cxd5 exd5 6. b4 a5 7. b5 Bd6 8. Bb2 O-O 9. Ne2 Nbd7 10. Ned4 Bb7 11. Be2 Re8 12. O-O Nc5 13. Qc2 Bf8 14. Nc6 Bxc6 15. bxc6 g6 16. Nd4 Bg7 17. Nb5 Re6 18. Rac1 Ne8 19. Bxg7 Kxg7 20. Bf3 Nf6 21. Nd4 Re7 22. Qc3 Qd6 23. d3 Ne6 24. Nb5 Qb4 25. Rb1 Qxc3 26. Nxc3 d4 27. Nb5 Rd8 28. e4 Nc5 29. Be2 Ne8 30. Rbc1 Nd6 31. Na3 Na4 32. Nb1 Nb5 33. Rc2 Nac3 34. f4 Nxb1 35. Rxb1 Na3 36. Rbc1 Nxc2 37. Rxc2 Rd6 38. Bf3 f6 39. Bg4 f5 40. Bf3 fxe4 41. Bxe4 Re8 42. Kf2 b5 43. Rc5 Rb8 44. Kf3 a4 45. a3 Rb6 46. g4 Rd8 47. f5 gxf5 48. gxf5 Kf6 49. Kf4 Rg8 50. Rd5 Rxc6 51. Rd7 Rc1 52. Rxh7 Rf1+ 53. Bf3 c5 54. Rh6+ Kf7 55. Rc6 b4 56. Rc7+ Kf6 57. Rc6+ Ke7 58. axb4 a3 59. f6+ Kf7 60. Ra6 cxb4 61. Ke4 Re8+ 62. Kf4 b3 0-1

[Event "CCT Chessable Masters Play-In 2025"]
[Site "Online"]
[Date "2025.02.17"]
[Round "7.10"]
[White "Bortnyk, Olexandr"]
[Black "Lobanov, Sergei"]
[Result "1/2-1/2"]
[WhiteElo "2601"]
[BlackElo "2508"]
[PlyCount "172"]
[EventDate "2025.02.13"]
[EventType "swiss"]
[EventCountry "NET"]

1. e4 e5 2. Nf3 Nc6 3. Bb5 a6 4. Ba4 d6 5. Qe2 Bd7 6. c3 Nge7 7. Bb3 h6 8. h4 Ng6 9. d4 Be7 10. h5 Nh4 11. Nxh4 Bxh4 12. Be3 Bg5 13. dxe5 Bxe3 14. Qxe3 Nxe5 15. f4 Ng4 16. Qg3 Qe7 17. Nd2 O-O-O 18. O-O-O Kb8 19. Rhe1 g5 20. Nf3 gxf4 21. Qxf4 Ne5 22. Nxe5 dxe5 23. Qxf7 Qg5+ 24. Kb1 Bg4 25. Rd5 Bxh5 26. Qf5 Qg3 27. Rc1 Bg6 28. Qxe5 Qxg2 29. Bc2 Rde8 30. Qd4 Bxe4 31. Bxe4 Qxe4+ 32. Qxe4 Rxe4 33. Rh1 Re2 34. a4 Rg8 35. Rd4 a5 36. Rd5 Rg5 37. Rxg5 hxg5 38. Rh8+ Ka7 39. Rg8 Re5 40. Rg6 b6 41. Kc2 Rd5 42. Kb3 Rc5 43. Kc2 Kb7 44. Kd3 Rf5 45. Kc2 Kc8 46. Rg7 Kd8 47. Kd3 Rf2 48. Rxg5 Rxb2 49. Kc4 Kc8 50. Rg8+ Kb7 51. Rg6 Rb1 52. Rh6 Rd1 53. Kb3 Rd6 54. Rh5 Kc6 55. Rh7 Re6 56. Rg7 Kd6 57. Rh7 c6 58. Rg7 Re5 59. Rg6+ Kc5 60. Rg8 b5 61. Ra8 Kb6 62. Rb8+ Kc7 63. Ra8 Kb6 64. Rb8+ Ka7 65. Rc8 Kb7 66. Rh8 Re4 67. axb5 cxb5 68. Rh6 Rc4 69. Rg6 Rc6 70. Rg5 Kb6 71. Rh5 Rc5 72. Rh6+ Rc6 73. Rh5 a4+ 74. Kb2 Ka5 75. Rg5 Rc4 76. Rh5 Re4 77. Rg5 Re2+ 78. Kb1 a3 79. c4 Rb2+ 80. Ka1 Ka4 81. Rxb5 Rxb5 82. cxb5 Kxb5 83. Ka2 Kb4 84. Ka1 Kb3 85. Kb1 a2+ 86. Ka1 Ka3 1/2-1/2

[Event "CCT Chessable Masters Play-In 2025"]
[Site "Online"]
[Date "2025.02.17"]
[Round "7.11"]
[White "Andreikin, Dmitry"]
[Black "Chigaev, Maksim"]
[Result "1-0"]
[WhiteElo "2695"]
[BlackElo "2632"]
[PlyCount "71"]
[EventDate "2025.02.13"]
[EventType "swiss"]
[EventCountry "NET"]

1. d4 Nf6 2. c4 e6 3. Nf3 b6 4. g3 Bb7 5. Bg2 Bb4+ 6. Bd2 a5 7. O-O O-O 8. Bf4 Be7 9. Nc3 Ne4 10. Nb5 c6 11. Nc3 Nxc3 12. bxc3 d6 13. Rb1 Nd7 14. e4 Ba6 15. Nd2 Qc7 16. Be3 b5 17. f4 bxc4 18. f5 e5 19. Qh5 exd4 20. Bxd4 Bf6 21. Nf3 Rae8 22. Rbe1 Bb7 23. g4 Bxd4+ 24. Nxd4 c5 25. Nb5 Qb6 26. g5 Qxb5 27. Re3 Re5 28. Rh3 h6 29. gxh6 g6 30. h7+ Kh8 31. Qh6 Ree8 32. Rg3 Nf6 33. fxg6 fxg6 34. Qxg6 Qd7 35. Rxf6 Qe7 36. Re6 1-0

[Event "CCT Chessable Masters Play-In 2025"]
[Site "Online"]
[Date "2025.02.17"]
[Round "7.12"]
[White "Grischuk, Alexander"]
[Black "Ivic, Velimir"]
[Result "1-0"]
[WhiteElo "2687"]
[BlackElo "2622"]
[PlyCount "69"]
[EventDate "2025.02.13"]
[EventType "swiss"]
[EventCountry "NET"]

1. e4 c5 2. Nc3 Nc6 3. Nf3 g6 4. Bb5 Bg7 5. d3 e5 6. Bg5 f6 7. Be3 d6 8. a3 Nge7 9. Bc4 a6 10. O-O b5 11. Ba2 g5 12. a4 b4 13. Nd5 Bg4 14. c3 Rb8 15. Bc4 Nxd5 16. Bxd5 Ne7 17. Bc4 Qc8 18. Rc1 Ng6 19. d4 Nh4 20. Be2 bxc3 21. bxc3 Rb2 22. Nd2 Bxe2 23. Qxe2 O-O 24. dxe5 dxe5 25. Rb1 Rxb1 26. Rxb1 Kh8 27. g3 Ng6 28. Rb6 Nf4 29. Qxa6 Qh3 30. Qf1 Qg4 31. f3 Qd7 32. Qb5 Qh3 33. gxf4 gxf4 34. Bf2 Rd8 35. Rb8 1-0

[Event "CCT Chessable Masters Play-In 2025"]
[Site "Online"]
[Date "2025.02.17"]
[Round "7.13"]
[White "Iturrizaga Bonelli, Eduardo"]
[Black "Niemann, Hans Moke"]
[Result "0-1"]
[WhiteElo "2577"]
[BlackElo "2734"]
[PlyCount "92"]
[EventDate "2025.02.13"]
[EventType "swiss"]
[EventCountry "NET"]

1. Nf3 d5 2. d4 Nf6 3. c4 e6 4. Nc3 Nbd7 5. Bf4 Bb4 6. e3 O-O 7. Bd3 c5 8. O-O cxd4 9. exd4 dxc4 10. Bxc4 Nb6 11. Bd3 Nbd5 12. Bd2 Be7 13. Rc1 b6 14. Ne5 Bb7 15. Bg5 h6 16. Be3 Rc8 17. Bb1 Bd6 18. Bd2 Bb8 19. Re1 a6 20. Qe2 Ne7 21. Rcd1 Nf5 22. Bc1 Nd5 23. Nxd5 Qxd5 24. Qg4 Qd8 25. Bxf5 exf5 26. Qxf5 Qd5 27. Qg4 h5 28. Qg3 f6 29. Bh6 Rf7 30. Qg6 fxe5 31. dxe5 Qxg2+ 32. Qxg2 Bxg2 33. e6 Rf6 34. Bg5 Rg6 35. e7 Re8 36. h4 Bc6 37. Rd4 Kf7 38. f4 Rd6 39. Red1 Rxd4 40. Rxd4 b5 41. Kh2 g6 42. Kg3 Ke6 43. Rd2 Bd6 44. Re2+ Kf7 45. Rc2 Be4 46. Re2 Bf5 0-1

[Event "CCT Chessable Masters Play-In 2025"]
[Site "Online"]
[Date "2025.02.17"]
[Round "7.14"]
[White "Esipenko, Andrey"]
[Black "Nguyen, Ngoc Truong Son"]
[Result "1-0"]
[WhiteElo "2695"]
[BlackElo "2632"]
[PlyCount "111"]
[EventDate "2025.02.13"]
[EventType "swiss"]
[EventCountry "NET"]

1. e4 e5 2. Nf3 Nc6 3. Bb5 Nf6 4. d3 Bc5 5. Bg5 h6 6. Bh4 d6 7. Nc3 Bd7 8. Na4 Bb6 9. Nxb6 axb6 10. Nd2 g5 11. Bg3 Nd4 12. Bxd7+ Qxd7 13. Nc4 Qe6 14. a4 b5 15. Ne3 bxa4 16. h4 g4 17. h5 Rg8 18. c3 Nb3 19. Ra3 Rg5 20. Bh4 Rxh5 21. g3 Ra6 22. f3 gxf3 23. Qxf3 Nc5 24. O-O Rxh4 25. gxh4 Ncd7 26. Nf5 Kd8 27. Nxh6 c6 28. Kh2 Kc7 29. Qh3 Ra8 30. Qxe6 fxe6 31. Nf7 d5 32. Raa1 b5 33. Kh3 Nh5 34. Rf3 Rg8 35. Ng5 Nf4+ 36. Kh2 Kd6 37. d4 Ng6 38. Kg3 exd4 39. cxd4 dxe4 40. Nxe4+ Kd5 41. Ng5 Ne7 42. Rf7 Nf5+ 43. Kh3 Nb6 44. Re1 Nxd4 45. Rg1 b4 46. h5 Rh8 47. Kg4 Nc4 48. Rd7+ Kc5 49. Ne4+ Kb5 50. Rxd4 Nxb2 51. Rc1 a3 52. Nd6+ Ka4 53. Rxc6 Ra8 54. Rb6 a2 55. Rdxb4+ Ka5 56. Nb7# 1-0

[Event "CCT Chessable Masters Play-In 2025"]
[Site "Online"]
[Date "2025.02.17"]
[Round "7.15"]
[White "Samadov, Read"]
[Black "Yoo, Christopher Woojin"]
[Result "1/2-1/2"]
[WhiteElo "2501"]
[BlackElo "2588"]
[PlyCount "118"]
[EventDate "2025.02.13"]
[EventType "swiss"]
[EventCountry "NET"]

1. d4 Nf6 2. c4 e6 3. Nf3 d5 4. Nc3 dxc4 5. e4 Bb4 6. Bg5 h6 7. Bxf6 Qxf6 8. Bxc4 c5 9. O-O cxd4 10. e5 Qd8 11. Ne4 O-O 12. Qe2 Be7 13. Rad1 Qa5 14. a3 Bd7 15. b4 Qc7 16. b5 Bc8 17. Rc1 Qb6 18. g4 Nd7 19. g5 h5 20. Bd3 Qd8 21. Kh1 b6 22. Nf6+ gxf6 23. gxf6 Bb7 24. Rg1+ Kh8 25. Rg7 Bxf6 26. Rh7+ Kg8 27. Rg1+ Bg5 28. Be4 d3 29. Qxd3 Nxe5 30. Qxd8 Raxd8 31. Rxg5+ Ng6 32. Rxg6+ fxg6 33. Rxb7 Rf4 34. Bc6 Rd1+ 35. Kg2 Rg4+ 36. Kh3 Rd3 37. Rxa7 Kf8 38. a4 e5 39. Ra8+ Kf7 40. Re8 e4 41. Bxe4 Rxe4 42. Rxe4 Rxf3+ 43. Kg2 Ra3 44. Rc4 g5 45. f3 Ra2+ 46. Kg3 Ra3 47. h3 Kg6 48. Rd4 Kf5 49. Rd5+ Kf6 50. Rd4 Kf5 51. Rd5+ Kf6 52. Rd4 Ke5 53. Re4+ Kf5 54. Rc4 h4+ 55. Kg2 Ra2+ 56. Kg1 Ra1+ 57. Kg2 Ra2+ 58. Kg1 Ra1+ 59. Kg2 Ra2+ 1/2-1/2

[Event "CCT Chessable Masters Play-In 2025"]
[Site "Online"]
[Date "2025.02.17"]
[Round "7.16"]
[White "Deac, Bogdan-Daniel"]
[Black "Kuzubov, Yuriy"]
[Result "1-0"]
[WhiteElo "2692"]
[BlackElo "2597"]
[PlyCount "93"]
[EventDate "2025.02.13"]
[EventType "swiss"]
[EventCountry "NET"]

1. e4 c5 2. Nf3 Nc6 3. Bb5 e6 4. O-O Nge7 5. Re1 a6 6. Bf1 d5 7. exd5 Qxd5 8. Na3 Qd8 9. Nc4 Nf5 10. a4 b6 11. Bd3 Nd6 12. b3 Be7 13. Nxd6+ Qxd6 14. Be4 Bf6 15. d4 O-O 16. dxc5 Qxd1 17. Rxd1 Bb7 18. Rb1 bxc5 19. Be3 Rfc8 20. Rd7 Rab8 21. h3 Ba8 22. Nd2 Nb4 23. Bxa8 Rxa8 24. Ne4 Nxc2 25. Bxc5 Be5 26. b4 a5 27. b5 f5 28. Bd6 Bd4 29. Ng5 Bb6 30. Nxe6 Re8 31. Rxg7+ Kh8 32. Rb7 Bxf2+ 33. Kxf2 Rxe6 34. Rd1 Rae8 35. Bf4 Re2+ 36. Kg1 Ne1 37. Rd2 R2e4 38. Bg3 Rxa4 39. b6 f4 40. Bxe1 Rxe1+ 41. Kf2 Re8 42. Rc7 Rb4 43. b7 Rg8 44. Ra2 a4 45. Ra3 h5 46. Kf3 Rb8 47. Rc8+ 1-0

[Event "CCT Chessable Masters Play-In 2025"]
[Site "Online"]
[Date "2025.02.17"]
[Round "7.17"]
[White "Sargsyan, Shant"]
[Black "Muradli, Mahammad"]
[Result "1-0"]
[WhiteElo "2660"]
[BlackElo "2588"]
[PlyCount "101"]
[EventDate "2025.02.13"]
[EventType "swiss"]
[EventCountry "NET"]

1. d4 Nf6 2. Nf3 d5 3. Bf4 Bf5 4. c4 e6 5. Nc3 Bb4 6. e3 c5 7. dxc5 Qa5 8. Be2 Bxc3+ 9. bxc3 Qxc3+ 10. Nd2 Ne4 11. Rc1 Qa5 12. cxd5 exd5 13. f3 Nxc5 14. O-O Nbd7 15. e4 Be6 16. exd5 Bxd5 17. Nc4 Bxc4 18. Bxc4 O-O 19. Qd6 Qb6 20. Rfd1 Ne6+ 21. Qxb6 Nxb6 22. Bd6 Rfd8 23. Bb3 Rd7 24. Bg3 Nd4 25. Rc7 Ne2+ 26. Kf2 Rxd1 27. Bxd1 Nxg3 28. hxg3 Rd8 29. Rxb7 Kf8 30. Bb3 Rd7 31. Rxd7 Nxd7 32. Ke3 Ke7 33. Kd4 f6 34. Kd5 Ne5 35. Bc2 h6 36. Bf5 g6 37. f4 gxf5 38. fxe5 Kf7 39. e6+ Ke7 40. a4 h5 41. a5 a6 42. Kc6 Kxe6 43. Kb6 Kd6 44. Kxa6 Kc6 45. Ka7 Kc7 46. a6 Kc8 47. Kb6 Kb8 48. Kc6 Ka7 49. Kd6 Kxa6 50. Ke6 f4 51. gxf4 1-0

[Event "CCT Chessable Masters Play-In 2025"]
[Site "Online"]
[Date "2025.02.17"]
[Round "7.18"]
[White "Korobov, Anton"]
[Black "Yakubboev, Nodirbek"]
[Result "0-1"]
[WhiteElo "2627"]
[BlackElo "2659"]
[PlyCount "82"]
[EventDate "2025.02.13"]
[EventType "swiss"]
[EventCountry "NET"]

1. e4 e5 2. Nf3 Nc6 3. Bc4 Nf6 4. d3 Be7 5. Nc3 d6 6. a4 O-O 7. O-O Bg4 8. h3 Bxf3 9. Qxf3 Nd4 10. Qd1 c6 11. Ba2 Ne6 12. Re1 Qc7 13. b4 Rad8 14. Bb2 a6 15. b5 d5 16. Rb1 Bb4 17. b6 Qd6 18. Ba1 d4 19. Ne2 Bxe1 20. Qxe1 Nd7 21. g3 Kh8 22. Qb4 Qxb4 23. Rxb4 a5 24. Rb1 Nec5 25. c3 dxc3 26. Bxc3 Nxd3 27. Bxa5 Ra8 28. Bc3 Rxa4 29. Bb3 Rxe4 30. Kf1 N7c5 31. Bc2 Rc4 32. Ra1 Nb4 33. Bf5 Nd5 34. Bxe5 Nxb6 35. Nf4 Re8 36. Bd6 g6 37. Bg4 Nba4 38. h4 Rd4 39. Bc7 b5 40. Bf3 Nb3 41. Bxc6 Re7 0-1